000 00305nam a22001217a 4500
041 _aENG
100 _aSarkar.T.K
245 _aComputer Simulation Of plant Response To Soil- Water -Atmospheric In Terction
260 _aNew Delhi
_bICER
_c1981
300 _a167
650 _aIDE
856 _uIDE ( 18 )
999 _c1507
_d1507